书目信息 |
| 题名: |
应用化学基础及其应用研究
|
|
| 作者: | 谢海泉 , 何林 , 李杰 编著 | |
| 分册: | ||
| 出版信息: | 北京 中国水利水电出版社 2014 |
|
| 页数: | 261页 | |
| 开本: | 26cm | |
| 丛书名: | ||
| 单 册: | ||
| 中图分类: | O69 | |
| 科图分类: | ||
| 主题词: | 应用化学--研究 | |
| 电子资源: | ||
| ISBN: | 978-7-5170-1810-0 | |
| 000 | 00973nam0 2200253 450 | |
| 001 | 012015000261 | |
| 005 | 20150914155113.95 | |
| 010 | @a978-7-5170-1810-0@dCNY58.00 | |
| 100 | @a20150310d2014 em y0chiy50 ea | |
| 101 | 0 | @achi |
| 102 | @aCN@b110000 | |
| 105 | @aa z 000yy | |
| 106 | @ar | |
| 200 | 1 | @a应用化学基础及其应用研究@Aying yong hua xue ji chu ji qi ying yong yan jiu@f谢海泉,何林,李杰编著 |
| 210 | @a北京@c中国水利水电出版社@d2014 | |
| 215 | @a261页@c图@d26cm | |
| 330 | @a本书主要论述了应用化学的基础知识、基本原理和主要技能。全书共11章,主要包括绪论、物质结构、化学反应速率和化学平衡、电解质溶液、有机化合物、 金属材料、非金属材料、化学与能源、化学与环境、 化学在日常生活中的应用、功能材料的进展等内容。 | |
| 606 | 0 | @a应用化学@x研究 |
| 690 | @aO69@v5 | |
| 701 | 0 | @a谢海泉@Axie hai quan@4编著 |
| 701 | 0 | @a何林@Ahe lin@f(1980-)@4编著 |
| 701 | 0 | @a李杰@Ali jie@f(1972-)@4编著 |
| 801 | 0 | @aCN@b碧洲教育@c20150716 |
| 905 | @a10447@f4@dO69@e7 | |
| 应用化学基础及其应用研究/谢海泉,何林,李杰编著.-北京:中国水利水电出版社,2014 |
| 261页:图;26cm |
| ISBN 978-7-5170-1810-0:CNY58.00 |
| 本书主要论述了应用化学的基础知识、基本原理和主要技能。全书共11章,主要包括绪论、物质结构、化学反应速率和化学平衡、电解质溶液、有机化合物、 金属材料、非金属材料、化学与能源、化学与环境、 化学在日常生活中的应用、功能材料的进展等内容。 |
| ● |
| 相关链接 |
|
|
|
|
正题名:应用化学基础及其应用研究
索取号:O69/7
 
预约/预借
| 序号 | 登录号 | 条形码 | 馆藏地/架位号 | 状态 | 备注 |
| 1 | 0870041 | 208700413 | 第二样本阅览室/ [索取号:O69/7] | 在馆 | |
| 2 | 0870042 | 208700422 | 化学系资料室/ [索取号:O69/7] | 在馆 | |
| 3 | 0870043 | 208700431 | 第三借阅区/ [索取号:O69/7] | 在馆 | |
| 4 | 0870044 | 208700440 | 第三借阅区/ [索取号:O69/7] | 在馆 |